000 00670nam a2200217 a 4500
005 20210219153538.0
008 991125n 000 0 spa u
035 _aUPN01000105675
100 _aLUCIO A., Ricardo
222 _aEDUCACION Y CULTURA :
_bREVISTA DEL CENTRO DE ESTUDIOS DE INVESTIGACION DOCENTES DE LA FEDERACION COLOMBIANA DE EDUCADORES
245 _a¿Qué tan universidad es nuestra universidad?
300 _a55-61
362 _a1992 No. 27, ago.
653 0 _aCOLOMBIA
653 0 _aEDUCACION SUPERIOR
653 0 _aPOLITICA EDUCATIVA
653 0 _aSISTEMA EDUCATIVO
653 0 _aUNIVERSIDADES
904 _aAC
_b043486
905 _aArticulo
999 _c79602
_d79602